People by Images - 'O' - Statistics

General Stats
  • This quiz has been taken 64 times
  • The average score is 7 of 16
Answer Stats
Picture Hint Answer % Correct
Singer Ozzy Osbourne
93%
Host Oprah Winfrey
89%
Poet Oscar Wilde
80%
Lord Protector Oliver Cromwell
75%
Chancellor Otto von Bismarck
70%
Actress Olivia Colman
55%
Singer Olivia Rodrigo
55%
Aviator Orville Wright
54%
Chancellor Olaf Scholz
36%
Actor Oscar Isaac
27%
Gymnast Olga Korbut
23%
Humanitarian Oskar Schindler
9%
Prime Minister Olof Palme
2%
Tennis Player Omar Camporese
0%
Cartoonist Osamu Tezuka
0%
Physicist Owen Chamberlain
0%
No matching quizzes found
Score Distribution
Percent of People with Each Score
Percentile by Number Answered
Your Score History
You have not taken this quiz